[Event "Florianopolis op 9th"]
[Site "Florianopolis"]
[Date "2023.01.26"]
[Round "6"]
[White "De Paula, Bruno Cesar Lima"]
[Black "Cerrato, Alex"]
[Result "1/2-1/2"]
[WhiteElo "1591"]
[BlackElo "1915"]
[PlyCount "203"]
[EventDate "2023.01.23"]
[EventType "swiss"]
[EventRounds "10"]
[EventCountry "BRA"]
[SourceTitle "CBM 212 Extra"]
[Source "ChessBase"]
[SourceDate "2023.03.31"]
[SourceVersion "1"]
[SourceVersionDate "2023.03.31"]
[SourceQuality "1"]

1. e4 Nc6 2. d4 e5 3. d5 Nce7 4. Nf3 Ng6 5. h4 h5 6. Bg5 f6 7. Be3 Bb4+ 8. Nbd2 Nh6 9. c3 Ba5 10. Nc4 Bb6 11. Nxb6 axb6 12. d6 c5 13. Qd5 Nf7 14. Bc4 0-0 15. g4 hxg4 16. h5 Nf4 17. Bxf4 gxf3 18. h6 g6 19. Bxe5 Kh7 20. Bf4 b5 21. Bd3 Qb6 22. Bc2 Qc6 23. Qd3 b6 24. Rg1 Ne5 25. Qf1 Qxd6 26. Rxg6 Kxg6 27. Qg1+ Kf7 28. Qg7+ Ke8 29. h7 Qe7 30. h8Q Rxh8 31. Qxh8+ Qf8 32. Qh5+ Qf7 33. Qh8+ Qf8 34. Qh2 d6 35. 0-0-0 Be6 36. Qh7 Rxa2 37. Qc7 Qe7 38. Qb8+ Qd8 39. Qxd8+ Kxd8 40. Rxd6+ Bd7 41. Kb1 Ra6 42. Rxf6 Ng4 43. Rg6 Nxf2 44. Be3 Ng4 45. Bxc5 f2 46. Bd3 Ne5 47. Rg8+ Kc7 48. Bxf2 Nxd3 49. Bg3+ Kc6 50. Rg6+ Kb7 51. Rd6 Bc6 52. Re6 Ra8 53. Re7+ Ka6 54. b4 Rg8 55. Bc7 Re8 56. Rxe8 Bxe8 57. Kc2 Nf2 58. e5 Kb7 59. Bd8 Ng4 60. e6 Ne5 61. Bf6 Nc6 62. Kd3 Kc7 63. Ke4 Kd6 64. Kd3 Kxe6 65. Bh8 Kd5 66. Kc2 Ne5 67. Kb3 Bf7 68. Bg7 Ke4+ 69. Kc2 Bc4 70. Bf6 Ng4 71. Bd4 Ne3+ 72. Kd2 Nd5 73. Bg1 Ke5 74. Bd4+ Kd6 75. Bg1 Kc6 76. Bd4 Ne7 77. Bh8 Ba2 78. Bd4 Nc8 79. Kd3 Kd5 80. Bg1 Bb1+ 81. Kd2 Kc4 82. Bd4 Bg6 83. Be5 Kd5 84. Bd4 Nd6 85. Kc1 Kc4 86. Kb2 Ne4 87. Bg7 Kd3 88. Bd4 Bf7 89. Bg7 Nf2 90. Kc1 Bb3 91. Kb2 Ba4 92. Bd4 Nd1+ 93. Ka3 Nxc3 94. Bxb6 Kc4 95. Bc5 Ne4 96. Bg1 Kc3 97. Bh2 Kc2 98. Ka2 Bb3+ 99. Ka1 Kc3 100. Be5+ Kxb4 101. Bg7 Nd2 102. Bc3+ 1/2-1/2

[Event "Sao Paulo Carnaval op"]
[Site "Sao Paulo"]
[Date "2020.02.24"]
[Round "5"]
[White "Bueno, Jonas Alves"]
[Black "De Paula, Bruno Cesar Lima"]
[Result "1-0"]
[WhiteElo "1848"]
[BlackElo "1520"]
[PlyCount "94"]
[EventDate "2020.02.22"]
[EventType "swiss"]
[EventRounds "7"]
[EventCountry "BRA"]
[SourceTitle "CBM 195 Extra"]
[Source "ChessBase"]
[SourceDate "2020.05.31"]
[SourceVersion "1"]
[SourceVersionDate "2020.05.31"]
[SourceQuality "1"]

1. d4 d5 2. c4 e6 3. cxd5 exd5 4. Nc3 f5 5. Bf4 c6 6. e3 Nf6 7. Nf3 Be7 8. Bd3 0-0 9. Ne5 Ne4 10. f3 g5 11. fxe4 fxe4 12. Bxe4 gxf4 13. Bxh7+ Kxh7 14. Qh5+ Kg8 15. Qg6+ Kh8 16. 0-0 Qe8 17. Rxf4 Qxg6 18. Nxg6+ Kg7 19. Nxe7 Rxf4 20. exf4 Be6 21. Re1 Kf7 22. f5 Bd7 23. g4 Na6 24. Ng6 Nb4 25. Re7+ Kf6 26. Rxd7 Re8 27. Ne5 Nc2 28. Rd6+ Kg5 29. Rg6+ Kf4 30. Nd3+ Kf3 31. Re6 Rg8 32. Ne5+ Kf4 33. f6 Nxd4 34. f7 Rxg4+ 35. Nxg4 Nxe6 36. Nf6 Nf8 37. Kf2 Kf5 38. Ne8 Ke6 39. Ke3 Ke7 40. Kf4 b6 41. Kg5 d4 42. Ne4 Ne6+ 43. Kg6 Nf8+ 44. Kg7 d3 45. N8f6 Ne6+ 46. Kg8 Nf8 47. Nd7 Ne6 1-0

[Event "Sao Paulo Hebraica op 27th"]
[Site "Sao Paulo"]
[Date "2020.01.12"]
[Round "5"]
[White "De Morais, Jose Carlos Grizzi"]
[Black "De Paula, Bruno Cesar Lima"]
[Result "0-1"]
[WhiteElo "1800"]
[BlackElo "1531"]
[PlyCount "56"]
[EventDate "2020.01.10"]
[EventType "swiss"]
[EventRounds "6"]
[EventCountry "BRA"]
[SourceTitle "CBM 194 Extra"]
[Source "ChessBase"]
[SourceDate "2020.03.31"]
[SourceVersion "1"]
[SourceVersionDate "2020.03.31"]
[SourceQuality "1"]

1. d4 d5 2. c4 e6 3. Nf3 f5 4. Nc3 Nf6 5. Bg5 c6 6. e3 Be7 7. Bd3 0-0 8. 0-0 Ne4 9. Bxe7 Qxe7 10. Rc1 Nd7 11. c5 Ndf6 12. h3 g5 13. Nxg5 Nxg5 14. Re1 Kh8 15. Ne2 Qg7 16. Ng3 Nfe4 17. Qc2 Rg8 18. Re2 Nxh3+ 19. Kf1 Nxg3+ 20. Ke1 Nxe2 21. Bxe2 Qxg2 22. Kd2 Qxf2 23. Rf1 Qh2 24. Qd1 Rg2 25. Qe1 Ng1 26. Kd3 Nxe2 27. Rh1 Nf4+ 28. exf4 Rg3+ 0-1

[Event "Sao Paulo Hebraica op 27th"]
[Site "Sao Paulo"]
[Date "2020.01.11"]
[Round "3"]
[White "Usui, Gabriella Yumi"]
[Black "De Paula, Bruno Cesar Lima"]
[Result "1-0"]
[WhiteElo "1227"]
[BlackElo "1531"]
[PlyCount "57"]
[EventDate "2020.01.10"]
[EventType "swiss"]
[EventRounds "6"]
[EventCountry "BRA"]
[SourceTitle "CBM 194 Extra"]
[Source "ChessBase"]
[SourceDate "2020.03.31"]
[SourceVersion "1"]
[SourceVersionDate "2020.03.31"]
[SourceQuality "1"]

1. d4 c5 2. e3 g6 3. Nf3 Bg7 4. Bd3 Qb6 5. c3 Nc6 6. 0-0 Nf6 7. Nbd2 d6 8. Nc4 Qc7 9. dxc5 dxc5 10. Qb3 Be6 11. Ng5 0-0 12. Nxe6 fxe6 13. Nd2 Nd8 14. Bc4 Qd6 15. Nf3 Ng4 16. Rd1 Qc6 17. h3 Ne5 18. Nxe5 Bxe5 19. f3 Rxf3 20. gxf3 Qxf3 21. Qc2 Qxh3 22. Qg2 Bh2+ 23. Kh1 Qh4 24. Qxh2 Qxc4 25. Qg2 Nc6 26. e4 Rf8 27. Bh6 Ne5 28. Bxf8 Kxf8 29. Qf1+ 1-0

[Event "BRA-ch Amateur U1600"]
[Site "Sao Paulo"]
[Date "2019.06.20"]
[Round "1"]
[White "De Paula, Bruno Cesar Lima"]
[Black "Barberi, Catarina"]
[Result "1-0"]
[WhiteElo "1513"]
[BlackElo "1167"]
[PlyCount "63"]
[EventDate "2019.06.20"]
[EventType "swiss"]
[EventRounds "7"]
[EventCountry "BRA"]
[SourceTitle "CBM 195 Extra"]
[Source "ChessBase"]
[SourceDate "2020.05.31"]
[SourceVersion "1"]
[SourceVersionDate "2020.05.31"]
[SourceQuality "1"]

1. e4 e6 2. d4 d5 3. Nc3 Nf6 4. Bg5 Be7 5. e5 Nfd7 6. h4 a6 7. Qg4 Kf8 8. 0-0-0 c5 9. Be3 Nc6 10. Nf3 h6 11. Be2 b5 12. Rh3 c4 13. Rg3 g6 14. h5 g5 15. Nh4 Qa5 16. Ng6+ fxg6 17. hxg6 Ndb8 18. Qf3+ Ke8 19. Qf7+ Kd7 20. g7 Re8 21. Bg4 Nd8 22. Qxe8+ Kxe8 23. g8Q+ Kd7 24. Nxd5 Nbc6 25. Nxe7 Nxe7 26. Qh7 Qxa2 27. d5 Qa1+ 28. Kd2 Qxb2 29. dxe6+ Nxe6 30. Ke2+ Ke8 31. Bh5+ Kf8 32. Qf7# 1-0